000 00678nam a2200205 i 4500
001 39962
003 ES-MaACL
005 20250707203846.0
007 t|
008 030304s1974 sp ||||1| spa d
100 0 _aCarr, Edward Hallett,
_d1892-1982
_935467
245 1 3 _aLa revolución bolchevique (1917-1923)
_b: . 3: La Rusia soviética y el mundo /
_cE. H. Carr ; versión Soledad Ortega.
250 _a2ª ed.
260 _a[Madrid] :
_bAlianza,
_c[1974]
300 _a618 p. ;
_c20 cm.
700 1 _aOrtega, Soledad,
_d1914-2007
_987431
740 3 _aLa Rusia soviética y el mundo.
852 _aES-MaACL
_jE-5536
_bR.89976
999 _c39962
_d39962